| Tag |
First Indicator |
Second Indicator |
Subfields |
| LEADER |
00000cam a22000001i 4500 |
| 001 |
in00003433539 |
| 006 |
m |o d | |
| 007 |
cr |n||||||||| |
| 008 |
141103s2014 enk ob 001 0 eng d |
| 005 |
20250816213811.2 |
| 020 |
|
|
|a 9781316075937 (electronic bk.)
|
| 020 |
|
|
|a 1316075931 (electronic bk.)
|
| 020 |
|
|
|z 9781107066304
|
| 020 |
|
|
|z 1107066301
|
| 024 |
8 |
|
|a 99971300340
|
| 035 |
|
|
|a (NhCcYBP)ebr10961483
|
| 040 |
|
|
|a NhCcYBP
|c NhCcYBP
|d UtOrBLW
|
| 050 |
|
4 |
|a B3279.H94
|b S6955 2014
|
| 082 |
0 |
4 |
|a 142/.7
|2 23
|
| 100 |
1 |
|
|a Staiti, Andrea Sebastiano,
|d 1981-
|e author.
|0 http://id.loc.gov/authorities/names/no2011048183
|
| 245 |
1 |
0 |
|a Husserl's Transcendental phenomenology :
|b nature, spirit, and life /
|c Andrea Staiti.
|
| 264 |
|
1 |
|a Cambridge ;
|a New York :
|b Cambridge University Press,
|c 2014.
|
| 300 |
|
|
|a 1 online resource.
|
| 336 |
|
|
|a text
|b txt
|2 rdacontent
|
| 337 |
|
|
|a computer
|b c
|2 rdamedia
|
| 338 |
|
|
|a online resource
|b cr
|2 rdacarrier
|
| 504 |
|
|
|a Includes bibliographical references (pages 295-305) and index.
|
| 505 |
0 |
|
|a Introduction -- 1. Southwestern neo-Kantianism in search of ontology -- 2. Life-philosophical accounts of history and psyche: Simmel and Dilthey -- 3. Standpoints and attitudes: scientificity between neo-Kantianism and Husserlian phenomenology -- 4. The reception of Husserl's Ideen among the neo-Kantians -- 5. Husserl's critique of Rickert's secretly naturalistic transcendentalism: the Natur und Geist lectures (1919-1927) -- 6. Historia formaliter spectata: Husserl and the life-philosophers -- 7. The life-world as the source of nature and culture: towards a transcendental-phenomenological worldview -- 8. Ethical and cultural implications in Husserl's phenomenology of the life-world -- Conclusion.
|
| 588 |
|
|
|a Description based on print version record.
|
| 500 |
|
|
|a Electronic resource.
|
| 600 |
1 |
0 |
|a Husserl, Edmund,
|d 1859-1938.
|0 http://id.loc.gov/authorities/names/n79106092
|
| 650 |
|
0 |
|a Phenomenology.
|0 http://id.loc.gov/authorities/subjects/sh85100683
|
| 655 |
|
7 |
|a Electronic books.
|2 local
|
| 710 |
2 |
|
|a ebrary, Inc.
|0 http://id.loc.gov/authorities/names/no2007088509
|
| 776 |
1 |
8 |
|c Original
|z 9781107066304
|z 1107066301
|w (DLC) 2014004975
|
| 856 |
4 |
1 |
|u https://ebookcentral.proquest.com/lib/tamucs/detail.action?docID=1719633
|y Connect to the full text of this electronic book
|t 0
|
| 955 |
|
|
|a YBP purchased DDA e-records
|
| 980 |
|
|
|b 135.00
|g 1
|
| 987 |
|
|
|a ybp12141340
|
| 999 |
f |
f |
|s 30768371-5c69-3fb5-90f7-bbdf35ecdf4f
|i 9deada34-47de-31df-93a1-6110fb2fb83d
|t 0
|
| 952 |
f |
f |
|a Texas A&M University
|b College Station
|c Electronic Resources
|d Available Online
|t 0
|e B3279.H94 S6955 2014
|h Library of Congress classification
|
| 998 |
f |
f |
|a B3279.H94 S6955 2014
|t 0
|l Available Online
|